ATP Top 50 - 2020 - Statistics

General Stats
  • This quiz has been taken 137 times
  • The average score is 33 of 50
Answer Stats
# Nationality Player % Correct
1 Serbia Novak Djokovic
100%
2 Spain Rafael Nadal
100%
7 Germany Alexander Zverev
99%
5 Switzerland Roger Federer
99%
6 Greece Stefanos Tsitsipas
98%
4 Russia Daniil Medvedev
96%
3 Austria Dominic Thiem
94%
8 Russia Andrey Rublev
92%
18 Switzerland Stan Wawrinka
89%
19 Bulgaria Grigor Dimitrov
88%
12 Canada Denis Shapovalov
87%
11 France Gael Monfils
84%
10 Italy Matteo Berrettini
84%
27 Norway Casper Ruud
83%
21 Canada Felix Auger-Aliassime
83%
14 Canada Milos Raonic
80%
9 Argentina Diego Schwartzman
79%
15 Belgium David Goffin
77%
37 Italy Jannik Sinner
76%
13 Spain Roberto Bautista Agut
76%
17 Italy Fabio Fognini
75%
41 Japan Kei Nishikori
75%
42 Croatia Marin Cilic
75%
23 Australia Alex de Minaur
71%
34 Poland Hubert Hurkacz
71%
25 USA John Isner
71%
20 Russia Karen Khachanov
71%
45 Australia Nick Kyrgios
71%
29 USA Taylor Fritz
68%
16 Spain Pablo Carreno Busta
67%
50 Kazakhstan Alexander Bublik
61%
47 France Richard Gasquet
59%
24 Croatia Borna Coric
58%
32 United Kingdom Daniel Evans
58%
40 Georgia Nikoloz Basilashvili
54%
22 Chile Cristian Garin
50%
33 Italy Lorenzo Sonego
47%
44 Serbia Miomir Kecmanovic
44%
30 France Ugo Humbert
44%
26 Serbia Dusan Lajovic
42%
36 Germany Jan-Lennard Struff
42%
28 France Benoit Paire
38%
48 United Kingdom Kyle Edmund
37%
39 USA Reilly Opelka
36%
35 France Adrian Mannarino
35%
31 Serbia Filip Krajinovic
34%
46 Spain Albert Ramos-Vinolas
27%
38 Australia John Millman
25%
43 Argentina Guido Pella
22%
49 USA Tennys Sandgren
10%
No matching quizzes found
Score Distribution
Percent of People with Each Score
Percentile by Number Answered
Your Score History
You have not taken this quiz